000 00517cab a2200193 4500
001 X238
008 090401t1992 xxu||||| |||| 00| 0 eng d
035 _a(Sirsi) u97675
041 _aeng
100 _aWyatt, P.J.
245 _aProperty database
260 _c1992
350 _a0
490 _aCSM (Chartered Surveyor Monthly)
_v2(3) November 1992, 2(1)
650 _aNATIONAL LAND INFORMATION SERVICE
690 _aMANAGEMENT-BUSINESS MANAGEMENT-INFORMATION MANAGEMENT
942 _n0
948 _c04/03/1997
999 _c59636
_d59636